00584nam a2200169 a 4500008004100000020001500041050002800056100001200084245011700096260002300213300001700236500004000253650001800293650002600311650004100337710003600378120619s1993 ||||||||||||||||| || u a9241544570 aRA 644.P9 Reh (BOX 220) aKrol, J10aRehabilitation surgery for deformities due to poliomyelitis: techniques for district hospitalcedited by J. Krol aGeneva:bWHOc1993 a112p.: ill.  aBlue Trunk Library Collection (WHO) aPOLIOMYELITIS aCONSTRACTURE--SURGERY aJOINT DEFORMITIES, ACQUIRED--SURGERY aWorld Health Organization (WHO)